Statystyki dla Rozpoznaj państwo po zdjęciu #8

Kliknij tutaj aby rozwiązać quiz!

Ogólne statystyki

  • Ten quiz został rozwiązany 36 razy
  • Średni wynik to 4 z 10

Statystyki odpowiedzi

Odpowiedź% Poprawnych
Zjednoczone Emiraty Arabskie
84%
Malezja
61%
Pakistan
48%
Czarnogóra
45%
Argentyna
42%
Szwajcaria
42%
Szwecja
42%
Czad
26%
Kamerun
6%
Honduras
3%

Rozkład punktacji

Percentyl według liczby udzielonych odpowiedzi

Procent ludzi z każdym wynikiem

Twoja historia wyników

Nie rozwiązałeś tego quizu